000 00387nam a22001577a 4500
003 SGT
020 _a978-935129-703-2
082 _a611.0183
_bD17E
100 _aEROSCHENKO,VICTOR.P
245 _aDIFIORE'S ATLAS OF HISTOLOGY WITH FUNCTIONAL CORRELATIONS
250 _a13TH
260 _aNEW YORK
_bWOLTERS KLUWER
_c2017
300 _a617
650 _aAYURVEDA PUB
942 _2ddc
_cBK
999 _c19533
_d19533